| 000 | 00484nam a2200133Ia 4500 | ||
|---|---|---|---|
| 008 | 250506s9999 xx 000 0 und d | ||
| 024 | _a02A-015-CE, 02A-027-CE, 02A-0025-CE & 02A-004-CE | ||
| 082 | _a004.165072 BAS | ||
| 100 | _aShaikh Abdul Basit, Namran ahmed, S.M. Sohaib Akther & Syed Salman Haider | ||
| 245 | 0 | _aIndustrial Automation With Wireless control | |
| 260 |
_aKarachi: _bUIT, _c2002 |
||
| 600 | _aComputer System Engineering | ||
| 650 | _aBachelor of Engineering (BE) | ||
| 999 |
_c27725 _d27725 |
||